000 00520cam1a220019300 4500
001 tmp15829902
003 UPRA
005 20190816100209.0
008 951104c19661924fr fre u
035 _a(Sirsi) r47472
035 _a(UPRA)tmp15829902
040 _cUPRA
100 1 _aCarcon, Francis.
_6A5547.1
245 1 0 _aRien qu'une femme :
_broman.
260 _a[Paris] :
_bMichel,
_c[1966], c1924.
440 0 _aLivre de poche
_6S322.1
949 _aPQ2605.A55
_wlcc
_i-59089
_mMAIN
_tBOOK
_lON-SHELF
004 47472
999 _c85261
_d85261